000 00457nam a2200181Ia 4500
001 15963
005 20260306170234.0
008 260306t2016||||xx |||||||||||||| ||und||
041 _aESP
082 _a620.86
_bM22
100 _aMancera Fernández, Mario
_eAUT
245 0 _aSeguridad y salud en el trabajo:
_bgestión de riesgos
260 _c2016
300 _a475 páginas :
_c24 cm.
650 _aGEN
654 _aCII
942 _cLIB
_dJUS
_fJUS
_2ddc
_n
999 _c15963
_d15963